000 00552nam a2200205Ia 4500
005 20250326145159.0
008 250326s9999 xx 000 0 und d
037 _aTextbook
040 _aFMSL
_beng
_cFMSL
041 _aeng
_2eng
084 _aSNIobX:8 Q0
_qFMSL
100 _aSchein E H
245 0 _aOrganizational culture and leadership
_cSchein E H
250 _a4
260 _aSan
_bSan, Fransico Jossey-Bass
_c2010
365 _b2031.74
650 _aManagement
942 _cTB
_hSNIobX:8 Q0
999 _c1306662
_d1306662